000 01178nam2a22002531 4500
001 v19\rc\1200706
005 20250618022705.0
035 _a(NLR Aleph) 004450306
090 _a4469992
_c4469992
100 _a20060306d1883 |||y0rusy50 ca
101 0 _arus
102 _aRU
105 _ay z |||||
200 0 _a... за 1882 год
_fСост. А.Н. Веселовским
210 _d1883
_aБ. м.
215 _a[2], 20 с.
225 1 _a...
_vТ. 31. № 5
461 0 _1001v19\rc\1200692
_12001#$aОтчет по Отделению русского языка и словесности...$v... за 1882 год$90
_94469984
_aАкадемия наук (Петербург). Отделение русского языка и словесности
_cСанкт-Петербург
_d1866-1910
_nтип. Имп. Акад. наук
_tОтчет по Отделению русского языка и словесности...
_v... за 1882 год$90
702 1 _aВеселовский
_bА.Н.
_f1838-1906
_gАлександр Николаевич
_4220
801 0 _aRU
_bNLR
_gpsbo
801 1 _aRU
_bProSoft-M
_2rusmarc
852 _aNLR
_jП34/278
942 _cBOOK
980 _aNB